Responses of Hevea brasiliensis to fertilisers in South India (Record no. 66883)

MARC details
000 -LEADER
fixed length control field 00432nam a2200145Ia 4500
100 ## - MAIN ENTRY--AUTHOR NAME
Personal name Punnoose K I
245 #0 - TITLE STATEMENT
Title Responses of Hevea brasiliensis to fertilisers in South India
260 ## - PUBLICATION, DISTRIBUTION, ETC. (IMPRINT)
Name of publisher Proceedings of the International Rubber Conference 1975, Kuala Lumpur, V 3
Year of publication 1976
300 ## - PHYSICAL DESCRIPTION
Number of Pages 84-107
700 ## - ADDED ENTRY--PERSONAL NAME
Personal name George C M
700 ## - ADDED ENTRY--PERSONAL NAME
Personal name Mathew M
700 ## - ADDED ENTRY--PERSONAL NAME
Personal name Potti S N
942 ## - ADDED ENTRY ELEMENTS (KOHA)
Koha item type Journals
Holdings
Withdrawn status Lost status Damaged status Not for loan Home library Current library Shelving location Date acquired Koha item type
      Journals RRII Library RRII Library Agronomy 17/12/2021 Journals